| 000 | 00372nam a22001217a 4500 | ||
|---|---|---|---|
| 082 | _a340.59 QUR | ||
| 100 | _aQureshi, Khurram Amir | ||
| 245 |
_aAssignments on Islamic Jurisprudence / _cKhurram Amir Qureshi |
||
| 260 |
_aLahore : _bUniversity Book Corner, _cN.D. |
||
| 300 |
_a212 p. ; _c23 cm. |
||
| 942 |
_2ddc _cBK |
||
| 999 |
_c586000 _d586000 |
||